Kevin James Movies! - Statistics

General Stats
  • This quiz has been taken 34 times
    8 since last reset
  • The average score is 11 of 30
Answer Stats
Year Movie % Correct
2010 Grown Ups
100%
2009 Paul Blart: Mall Cop
100%
2013 Grown Ups 2
88%
2015 Paul Blart: Mall Cop 2
88%
2011 Zookeeper
63%
2012 Hotel Transylvania
50%
2015 Hotel Transylvania 2
50%
2007 I Now Pronounce You Chuck and Larry
50%
2026 Solo Mio
50%
2020 Becky
38%
2012 Here Comes the Boom
38%
2020 Hubie Halloween
38%
2011 The Dilemma
38%
2025 Guns Up
25%
2005 Hitch
25%
2015 Little Boy
25%
2006 Monster House
25%
2015 Pixels
25%
2025 Playdate
25%
2008 You Don't Mess With the Zohan
25%
2004 50 First Dates
13%
2006 Barnyard
13%
2006 Grilled
13%
2022 Home Team
13%
2018 Hotel Transylvania 3: Summer Vacation
13%
2024 Monster Summer
13%
2002 Pinocchio
13%
2017 Sandy Wexler
13%
2016 True Memoirs of an International Assassin
13%
2015 The Meddler
0%
No matching quizzes found
Score Distribution
Percent of People with Each Score
Percentile by Number Answered
Your Score History
You have not taken this quiz since the last reset